Normal view
MARC view
- Automobile industry and trade
Entry Topical Term
001 - CONTROL NUMBER
- control field: 81430
003 - CONTROL NUMBER IDENTIFIER
- control field: NUST
005 - DATE AND TIME OF LATEST TRANSACTION
- control field: 20210811120744.0
008 - FIXED-LENGTH DATA ELEMENTS
- fixed length control field: 210811|| aca||aabn | a|a d
040 ## - CATALOGING SOURCE
- Original cataloging agency: NUST
- Transcribing agency: NUST
150 ## - HEADING--TOPICAL TERM
- Topical term or geographic name entry element: Automobile industry and trade
670 ## - SOURCE DATA FOUND
- Source citation: Work cat.: (NUST)31607: Nieuwenhuis, Paul. 81426, The automotive industry and the environment, c2003.
